[Event "Nizhnij Novgorod-ch"]
[Site "Nizhnij Novgorod"]
[Date "2014.??.??"]
[Round "1"]
[White "Vorontsov, Anatoly"]
[Black "Denisov, Albert"]
[Result "0-1"]
[WhiteElo "1981"]
[BlackElo "1821"]
[PlyCount "138"]
[EventDate "2014.03.??"]
[EventType "swiss"]
[EventRounds "9"]
[EventCountry "RUS"]
[SourceTitle "EXT 2016"]
[Source "ChessBase"]
[SourceDate "2015.10.08"]
[SourceVersion "1"]
[SourceVersionDate "2015.10.08"]
[SourceQuality "1"]

1. Nf3 Nf6 2. Nc3 d5 3. d4 Bg4 4. Ne5 Bh5 5. g4 Nxg4 6. Qd3 Nxe5 7. dxe5 c6 8. Rg1 Bg6 9. Qh3 Qd7 10. Qh4 Bxc2 11. Bh3 e6 12. b3 d4 13. Ne4 Bb4+ 14. Bd2 Bxd2+ 15. Nxd2 g6 16. Bg2 Na6 17. Be4 Bxe4 18. Nxe4 Kf8 19. Nf6 Qc7 20. Qxd4 Qa5+ 21. Kf1 Rd8 22. Qe3 Qd2 23. Qxa7 Qc3 24. Rb1 Qxe5 25. Qxb7 Qxf6 26. Qxa6 Rd6 27. Rg3 Kg7 28. Rc1 Qf4 29. Qc4 Qxc4 30. Rxc4 Rd1+ 31. Kg2 Rd2 32. a4 Rxe2 33. Rxc6 Rb8 34. Rf3 f5 35. a5 Ra2 36. a6 Ra8 37. Rxe6 R8xa6 38. Re7+ Kf6 39. Rxh7 Rb6 40. h4 Ra3 41. h5 Rbxb3 42. Rxb3 Rxb3 43. h6 Kg5 44. Rh8 Rb4 45. h7 Kh6 46. Kg3 Kg7 47. Rc8 Kxh7 48. Rc6 Kh6 49. Ra6 Rg4+ 50. Kf3 Kg5 51. Rb6 Ra4 52. Rc6 Ra3+ 53. Kg2 Kh5 54. Rf6 Rb3 55. Rf8 Kg4 56. Rf6 g5 57. Rh6 f4 58. Rh8 Rb2 59. Rf8 Ra2 60. Rf7 Ra3 61. Rf8 f3+ 62. Kh2 Ra2 63. Kg1 Ra1+ 64. Kh2 Rf1 65. Ra8 Rxf2+ 66. Kg1 Rg2+ 67. Kh1 Kg3 68. Rg8 Rh2+ 69. Kg1 f2+ 0-1

[Event "Nizhnij Novgorod Dubinin Memorial 19th"]
[Site "Nizhnij Novgorod"]
[Date "2012.01.??"]
[Round "3"]
[White "Baryshnikova, Natalija"]
[Black "Vorontsov, Anatoly"]
[Result "0-1"]
[WhiteElo "1722"]
[BlackElo "1958"]
[PlyCount "40"]
[EventDate "2012.01.??"]
[EventType "swiss"]
[EventRounds "9"]
[EventCountry "RUS"]
[SourceTitle "EXT 2015"]
[Source "ChessBase"]
[SourceDate "2014.11.20"]
[SourceVersion "1"]
[SourceVersionDate "2014.11.20"]
[SourceQuality "1"]

1. Nf3 c5 2. g3 d5 3. Bg2 Nc6 4. 0-0 e5 5. d3 Nf6 6. Nbd2 Be7 7. e4 d4 8. Nc4 Qc7 9. a4 Be6 10. Ncd2 0-0 11. Nh4 Rfe8 12. Nf5 Bf8 13. g4 g6 14. g5 Nh5 15. Nh6+ Kh8 16. Nc4 Nf4 17. Bxf4 exf4 18. Nd2 Ne5 19. Nf3 f6 20. h4 fxg5 0-1

[Event "Nizhnij Novgorod Dubinin Memorial 19th"]
[Site "Nizhnij Novgorod"]
[Date "2012.01.??"]
[Round "4"]
[White "Vorontsov, Anatoly"]
[Black "Popov, Nikita A"]
[Result "1-0"]
[WhiteElo "1958"]
[BlackElo "1841"]
[PlyCount "25"]
[EventDate "2012.01.??"]
[EventType "swiss"]
[EventRounds "9"]
[EventCountry "RUS"]
[SourceTitle "EXT 2015"]
[Source "ChessBase"]
[SourceDate "2014.11.20"]
[SourceVersion "1"]
[SourceVersionDate "2014.11.20"]
[SourceQuality "1"]

1. e4 e5 2. Nf3 Nc6 3. d4 exd4 4. Nxd4 Bc5 5. Be3 Qf6 6. c3 Nge7 7. g3 d5 8. Bg2 dxe4 9. Nb5 Bd6 10. Nd2 Qf5 11. Nxd6+ cxd6 12. Nc4 d5 13. Nd6+ 1-0

[Event "Nizhnij Novgorod Dubinin Memorial 18th"]
[Site "Nizhnij Novgorod"]
[Date "2011.01.03"]
[Round "?"]
[White "Maershina, Arina"]
[Black "Vorontsov, Anatoly"]
[Result "1-0"]
[WhiteElo "1723"]
[BlackElo "2005"]
[PlyCount "31"]
[EventDate "2011.01.03"]
[EventType "swiss"]
[EventRounds "9"]
[EventCountry "RUS"]
[SourceTitle "EXT 2012"]
[Source "ChessBase"]
[SourceDate "2011.11.24"]
[SourceVersion "1"]
[SourceVersionDate "2011.11.24"]
[SourceQuality "1"]

1. e4 e5 2. Nf3 Nc6 3. Bb5 a6 4. Bxc6 bxc6 5. 0-0 d6 6. d4 exd4 7. Nxd4 Bd7 8. Nc3 Qh4 9. Be3 Nf6 10. Nf3 Qh5 11. h3 Be7 12. Ne2 Nxe4 13. Nf4 Qf5 14. Nd4 Qf6 15. Nh5 Qg6 16. Nf4 1-0

[Event "Nizhnij Novgorod Voroniatov Memor 6th"]
[Site "Nizhnij Novgorod"]
[Date "2009.05.??"]
[Round "4"]
[White "Svetlov, Dmitry"]
[Black "Vorontsov, Anatoly"]
[Result "1-0"]
[WhiteElo "2348"]
[BlackElo "2049"]
[PlyCount "33"]
[EventDate "2009.05.03"]
[EventType "swiss"]
[EventRounds "8"]
[EventCountry "RUS"]
[SourceTitle "EXT 2022"]
[Source "ChessBase"]
[SourceDate "2021.10.06"]
[SourceVersion "1"]
[SourceVersionDate "2021.10.06"]
[SourceQuality "1"]

1. Nf3 c5 2. g3 d5 3. Bg2 Nc6 4. d4 e6 5. 0-0 Nf6 6. c4 Be7 7. Nc3 0-0 8. cxd5 exd5 9. Bg5 Be6 10. Rc1 Ne4 11. Bxe7 Qxe7 12. dxc5 Rfd8 13. Nd4 Nxc5 14. Nxc6 bxc6 15. Qd4 Nb7 16. Na4 Rab8 17. Rxc6 1-0

[Event "Nizhnij Novgorod-ch 61st"]
[Site "Nizhnij Novgorod"]
[Date "2009.03.??"]
[Round "?"]
[White "Karmanova, Marina"]
[Black "Vorontsov, Anatoly"]
[Result "0-1"]
[WhiteElo "1700"]
[BlackElo "2038"]
[PlyCount "98"]
[EventDate "2009.03.06"]
[EventType "swiss"]
[EventRounds "9"]
[EventCountry "RUS"]
[SourceTitle "EXT 2010"]
[Source "ChessBase"]
[SourceDate "2010.11.25"]
[SourceVersion "1"]
[SourceVersionDate "2010.11.25"]
[SourceQuality "1"]

1. c4 e5 2. Nc3 d6 3. d3 g6 4. g3 Bg7 5. Bg2 Nc6 6. Rb1 a5 7. a3 Nge7 8. e3 Be6 9. b4 axb4 10. axb4 d5 11. b5 Nb8 12. c5 d4 13. Nce2 Bd5 14. e4 Be6 15. Nf3 h6 16. 0-0 0-0 17. Bd2 Kh7 18. Ra1 Nd7 19. Bb4 Re8 20. Ra4 f5 21. Nd2 fxe4 22. dxe4 b6 23. c6 Nc5 24. Rxa8 Qxa8 25. Qa1 Rb8 26. Rb1 Nc8 27. Qxa8 Rxa8 28. Bf1 Nd6 29. f3 h5 30. Nc1 Bh6 31. Ndb3 Be3+ 32. Kh1 Nxb3 33. Nxb3 Nc4 34. Nc1 Ra4 35. Nd3 Ra2 36. Be7 Nd2 37. Re1 Nxf3 38. Re2 Ra1 39. Kg2 Rxf1 40. Kxf1 Bh3+ 41. Rg2 Nd2+ 42. Ke2 Bxg2 43. Nxe5 Bf1+ 44. Kd1 Bxb5 45. Bd8 Nxe4 46. Bxc7 d3 47. Nxd3 Bxd3 48. Be5 Nf2+ 49. Ke1 Ba6 0-1

[Event "Nizhnij Novgorod Dubinin Memorial 16th"]
[Site "Nizhnij Novgorod"]
[Date "2009.01.09"]
[Round "7"]
[White "Pristalov, Evgeny"]
[Black "Vorontsov, Anatoly"]
[Result "0-1"]
[WhiteElo "1905"]
[BlackElo "2038"]
[PlyCount "40"]
[EventDate "2009.01.03"]
[EventType "swiss"]
[EventRounds "9"]
[EventCountry "RUS"]
[SourceTitle "EXT 2010"]
[Source "ChessBase"]
[SourceDate "2010.11.25"]
[SourceVersion "1"]
[SourceVersionDate "2010.11.25"]
[SourceQuality "1"]

1. e4 e5 2. Nf3 Nc6 3. d4 exd4 4. c3 d5 5. exd5 Qxd5 6. cxd4 Bg4 7. Be2 Nf6 8. Nc3 Qa5 9. 0-0 Be7 10. d5 Rd8 11. Qb3 Bxf3 12. Bxf3 Nd4 13. Qxb7 Nxf3+ 14. gxf3 0-0 15. Bf4 Bd6 16. Bxd6 Rxd6 17. Rad1 a6 18. Rd4 Qc5 19. Qb4 Qa7 20. Qc4 Nd7 0-1

[Event "Nizhnij Novgorod Dubinin Memorial 16th"]
[Site "Nizhnij Novgorod"]
[Date "2009.01.03"]
[Round "1"]
[White "Demidov, Danil"]
[Black "Vorontsov, Anatoly"]
[Result "1/2-1/2"]
[WhiteElo "2013"]
[BlackElo "2038"]
[PlyCount "40"]
[EventDate "2009.01.03"]
[EventType "swiss"]
[EventRounds "9"]
[EventCountry "RUS"]
[SourceTitle "EXT 2010"]
[Source "ChessBase"]
[SourceDate "2010.11.25"]
[SourceVersion "1"]
[SourceVersionDate "2010.11.25"]
[SourceQuality "1"]

1. e4 e5 2. Nf3 Nc6 3. d4 exd4 4. c3 d5 5. exd5 Qxd5 6. Be2 Bf5 7. Nxd4 Nxd4 8. cxd4 Nf6 9. 0-0 Bxb1 10. Rxb1 Qxa2 11. Be3 Bd6 12. Ra1 Qe6 13. d5 Qxd5 14. Qa4+ c6 15. Bd4 Qf5 16. Bd3 Bxh2+ 17. Kxh2 Qxd3 18. Bxf6 Qd6+ 19. Kg1 gxf6 20. Rae1+ Kf8 1/2-1/2

[Event "Nizhnij Novgorod Region-ch op"]
[Site "Nizhnij Novgorod"]
[Date "2008.10.??"]
[Round "5"]
[White "Sukhinin, Anatoly"]
[Black "Vorontsov, Anatoly"]
[Result "0-1"]
[WhiteElo "1809"]
[BlackElo "2061"]
[PlyCount "50"]
[EventDate "2008.10.04"]
[EventType "swiss"]
[EventRounds "9"]
[EventCountry "RUS"]
[SourceTitle "EXT 2022"]
[Source "ChessBase"]
[SourceDate "2021.10.06"]
[SourceVersion "1"]
[SourceVersionDate "2021.10.06"]
[SourceQuality "1"]

1. c4 e5 2. e4 Nf6 3. Nc3 Nc6 4. d3 d6 5. g3 Be7 6. Bg2 0-0 7. Nge2 Bg4 8. 0-0 Qd7 9. f4 g6 10. Be3 Rfe8 11. Qd2 Be6 12. f5 gxf5 13. Bh6 Ng4 14. Nd5 Kh8 15. exf5 Bxf5 16. Nxe7 Nxe7 17. Bxb7 Rab8 18. Bf3 Nxh6 19. Qxh6 Rxb2 20. Qf6+ Kg8 21. Bh5 Bg6 22. Nf4 Qf5 23. Nd5 Qxh5 24. Nxe7+ Rxe7 25. h4 Qe2 0-1

[Event "Nizhnij Novgorod Voroniatov Memor 5th"]
[Site "Nizhnij Novgorod"]
[Date "2008.06.14"]
[Round "?"]
[White "Vorontsov, Anatoly"]
[Black "Gorozhanin, Mikhail"]
[Result "1-0"]
[WhiteElo "2129"]
[BlackElo "1748"]
[PlyCount "45"]
[EventDate "2008.06.14"]
[EventType "swiss"]
[EventRounds "9"]
[EventCountry "RUS"]
[SourceTitle "EXT 2022"]
[Source "ChessBase"]
[SourceDate "2021.10.06"]
[SourceVersion "1"]
[SourceVersionDate "2021.10.06"]
[SourceQuality "1"]

1. e4 c6 2. d4 d5 3. e5 Bf5 4. Nc3 e6 5. g4 Bg6 6. Nge2 f6 7. Nf4 Bf7 8. Qe2 fxe5 9. Qxe5 Qd6 10. Qe2 Nd7 11. Nd3 Qc7 12. Bd2 Bd6 13. 0-0-0 0-0-0 14. f4 Bg6 15. Qf2 Ngf6 16. Ne5 Bxe5 17. dxe5 Nxg4 18. Qxa7 Qb6 19. Qa8+ Kc7 20. Qa3 Kc8 21. Na4 Qa7 22. Be2 Nf2 23. Be3 1-0

[Event "Nizhnij Novgorod-ch 60th"]
[Site "Nizhnij Novgorod"]
[Date "2008.03.??"]
[Round "?"]
[White "Paley, Alexander"]
[Black "Vorontsov, Anatoly"]
[Result "1/2-1/2"]
[WhiteElo "1989"]
[BlackElo "2152"]
[PlyCount "90"]
[EventDate "2008.03.??"]
[EventType "swiss"]
[EventRounds "9"]
[EventCountry "RUS"]
[SourceTitle "EXT 2010"]
[Source "ChessBase"]
[SourceDate "2010.11.25"]
[SourceVersion "1"]
[SourceVersionDate "2010.11.25"]
[SourceQuality "1"]

1. e4 e5 2. Nf3 Nc6 3. Bb5 a6 4. Ba4 Nf6 5. 0-0 Nxe4 6. Re1 Nc5 7. Bxc6 dxc6 8. Nxe5 Be7 9. d4 Ne6 10. Be3 0-0 11. Nc3 f6 12. Nf3 f5 13. d5 cxd5 14. Qxd5 Bf6 15. Qb3 Kh8 16. Rad1 Qe8 17. Bg5 Qg6 18. Bxf6 Qxf6 19. Nd5 Qh6 20. Ne5 b6 21. Nxc7 Rb8 22. Nf7+ Rxf7 23. Nxe6 Bxe6 24. Rxe6 Qh5 25. Rde1 b5 26. h3 f4 27. f3 Qc5+ 28. Kh1 Rd8 29. Re8+ Rf8 30. Qf7 h6 31. c3 Kh7 32. Rxf8 Rxf8 33. Qe6 Rf6 34. Qe4+ Kg8 35. Qa8+ Kh7 36. Re8 Qf2 37. Qe4+ Rg6 38. Rh8+ Kxh8 39. Qxg6 Qxb2 40. Qxa6 Qxc3 41. Qxb5 Qa1+ 42. Kh2 Qxa2 43. Qb8+ Kh7 44. Qxf4 Qf2 45. Qg3 Qd4 1/2-1/2

[Event "Nizhnij Novgorod-ch 60th"]
[Site "Nizhnij Novgorod"]
[Date "2008.03.??"]
[Round "?"]
[White "Sedova, Evgenia"]
[Black "Vorontsov, Anatoly"]
[Result "1-0"]
[WhiteElo "1860"]
[BlackElo "2152"]
[PlyCount "111"]
[EventDate "2008.03.??"]
[EventType "swiss"]
[EventRounds "9"]
[EventCountry "RUS"]
[SourceTitle "EXT 2010"]
[Source "ChessBase"]
[SourceDate "2010.11.25"]
[SourceVersion "1"]
[SourceVersionDate "2010.11.25"]
[SourceQuality "1"]

1. d4 d5 2. Nf3 Nf6 3. c4 e6 4. Nc3 c6 5. Qb3 Nbd7 6. Bg5 Qa5 7. Bd2 Qc7 8. cxd5 exd5 9. Rc1 Qd6 10. g3 Be7 11. Bf4 Qe6 12. h4 0-0 13. Bh3 Ng4 14. Ng5 Bxg5 15. hxg5 f5 16. gxf6 Rxf6 17. f3 Rxf4 18. Qc2 Rxd4 19. Bxg4 Qg6 20. Qxg6 hxg6 21. Be6+ Kf8 22. e3 Rc4 23. Rh8+ Ke7 24. Bxd5 Rb4 25. b3 Nf6 26. Bc4 b5 27. a3 bxc4 28. axb4 cxb3 29. Rb1 Ne8 30. Rxb3 Be6 31. Ra3 Bc4 32. e4 a6 33. Na4 Rb8 34. Nc5 Rb6 35. Kd2 Nc7 36. Rc8 Ne8 37. Kc3 Nd6 38. Rc7+ Ke8 39. Ra1 Be2 40. Kd2 Bxf3 41. Ke3 Bg2 42. e5 Nf5+ 43. Kf2 Bd5 44. Rxa6 Rxa6 45. Nxa6 Kd8 46. Ra7 Ne7 47. Nc5 g5 48. e6 g6 49. Nd3 Bxe6 50. Ne5 g4 51. Nd3 Nd5 52. Rg7 Bf5 53. Ne5 Nxb4 54. Nxg6 Nd3+ 55. Ke3 c5 56. Ne7 1-0

[Event "Nizhnij Novgorod Dubinin Memorial 15th"]
[Site "Nizhnij Novgorod"]
[Date "2008.01.??"]
[Round "?"]
[White "Mandrikov, Sergey"]
[Black "Vorontsov, Anatoly"]
[Result "1-0"]
[WhiteElo "2018"]
[BlackElo "2152"]
[PlyCount "33"]
[EventDate "2008.01.??"]
[EventType "swiss"]
[EventRounds "9"]
[EventCountry "RUS"]
[SourceTitle "CBM 122 Extra"]
[Source "ChessBase"]
[SourceDate "2008.03.04"]
[SourceVersion "1"]
[SourceVersionDate "2008.03.04"]
[SourceQuality "1"]

1. e4 e5 2. Nf3 Nc6 3. d4 exd4 4. Nxd4 Nf6 5. Nxc6 bxc6 6. e5 Ne4 7. Bc4 d5 8. exd6 Bxd6 9. 0-0 Qh4 10. g3 Qe7 11. Re1 Bc5 12. Be3 Bf5 13. Nd2 0-0-0 14. Qf3 Nxd2 15. Qxf5+ Qd7 16. Ba6+ Kb8 17. Qxc5 1-0

[Event "Nizhnij Novgorod Dubinin Memorial 15th"]
[Site "Nizhnij Novgorod"]
[Date "2008.01.??"]
[Round "?"]
[White "Vorontsov, Anatoly"]
[Black "Dudukin, Ilya"]
[Result "0-1"]
[WhiteElo "2152"]
[BlackElo "2430"]
[PlyCount "56"]
[EventDate "2008.01.??"]
[EventType "swiss"]
[EventRounds "9"]
[EventCountry "RUS"]
[SourceTitle "CBM 122 Extra"]
[Source "ChessBase"]
[SourceDate "2008.03.04"]
[SourceVersion "1"]
[SourceVersionDate "2008.03.04"]
[SourceQuality "1"]

1. d4 Nf6 2. c4 e6 3. Nc3 Bb4 4. e3 c5 5. Bd3 cxd4 6. exd4 d5 7. Nf3 dxc4 8. Bxc4 0-0 9. 0-0 Nbd7 10. a3 Bxc3 11. bxc3 Qc7 12. Qe2 b6 13. a4 Bb7 14. Bd3 Qxc3 15. Bd2 Bxf3 16. Qe3 Qc6 17. gxf3 Nd5 18. Qg5 Qd6 19. Kh1 f5 20. Rg1 Rf7 21. Rae1 Nf8 22. Rg3 Ng6 23. h4 Ndf4 24. h5 h6 25. Bxf4 Nxf4 26. Qxh6 Nxd3 27. Reg1 Nxf2+ 28. Kg2 Qxg3+ 0-1

[Event "BLR Cup"]
[Site "Minsk"]
[Date "2005.05.29"]
[Round "12"]
[White "Vorontsov, Anatoly"]
[Black "Tairova, Elena"]
[Result "1/2-1/2"]
[WhiteElo "2165"]
[BlackElo "2287"]
[PlyCount "32"]
[EventDate "2005.05.21"]
[EventType "tourn"]
[EventRounds "15"]
[EventCountry "BLR"]
[EventCategory "2"]
[SourceTitle "EXT 2006"]
[Source "ChessBase"]
[SourceDate "2005.11.24"]
[SourceVersion "1"]
[SourceVersionDate "2005.11.24"]
[SourceQuality "1"]

1. e4 d5 2. exd5 Qxd5 3. Nc3 Qa5 4. d4 Nf6 5. Nf3 c6 6. Bc4 Bf5 7. Ne5 e6 8. g4 Bg6 9. h4 Bd6 10. Bf4 Ne4 11. Qf3 Nxc3 12. Bd2 Bxe5 13. Bxc3 Qb6 14. dxe5 Bxc2 15. Qf4 Na6 16. Rc1 Ba4 1/2-1/2

[Event "BLR Cup"]
[Site "Minsk"]
[Date "2005.05.27"]
[Round "8"]
[White "Sergeev, Albert"]
[Black "Vorontsov, Anatoly"]
[Result "1-0"]
[WhiteElo "2382"]
[BlackElo "2165"]
[PlyCount "57"]
[EventDate "2005.05.21"]
[EventType "tourn"]
[EventRounds "15"]
[EventCountry "BLR"]
[EventCategory "2"]
[SourceTitle "EXT 2006"]
[Source "ChessBase"]
[SourceDate "2005.11.24"]
[SourceVersion "1"]
[SourceVersionDate "2005.11.24"]
[SourceQuality "1"]

1. d4 Nf6 2. c4 g6 3. Nc3 d5 4. Bg5 Ne4 5. Bh4 Nxc3 6. bxc3 Bg7 7. e3 c5 8. Nf3 Nc6 9. Rc1 0-0 10. cxd5 Qxd5 11. c4 Qh5 12. d5 Bg4 13. dxc6 Rad8 14. Qe2 Bxf3 15. Qxf3 Qxh4 16. g3 Qg5 17. cxb7 e5 18. Bg2 f5 19. Qc6 f4 20. Qxc5 Qf5 21. exf4 exf4 22. Qxf5 Rxf5 23. Bd5+ Kf8 24. g4 Re5+ 25. Kd2 Ke7 26. Rb1 Rb8 27. Rb3 Kd6 28. Rhb1 h5 29. Ra3 1-0